Wimbledon Men's Tennis Champions - Open Era - Statistics

General Stats
  • This quiz has been taken 152 times
  • The average score is 23 of 43
Answer Stats
Answer % Correct
Novak Djokovic
100%
Rafael Nadal
99%
Roger Federer
99%
Andy Murray
95%
Carlos Alcaraz
94%
Andre Agassi
90%
John McEnroe
90%
Björn Borg
87%
Pete Sampras
87%
Boris Becker
83%
Jimmy Connors
74%
Arthur Ashe
70%
Lleyton Hewitt
67%
Rod Laver
67%
Stefan Edberg
67%
Andy Roddick
66%
Goran Ivanišević
66%
Ivan Lendl
65%
Marin Čilić
59%
Pat Cash
52%
Nick Kyrgios
48%
Ilie Năstase
47%
Jim Courier
47%
Patrick Rafter
47%
Stan Smith
47%
John Newcombe
44%
Kevin Anderson
43%
Milos Raonic
43%
Matteo Berrettini
41%
Michael Stich
40%
Richard Krajicek
40%
Tomáš Berdych
40%
Ken Rosewall
37%
Mark Philippoussis
35%
Jan Kodeš
28%
David Nalbandian
23%
Roscoe Tanner
22%
MaliVai Washington
20%
Kevin Curren
17%
Tony Roche
16%
Chris Lewis
14%
Cédric Pioline
13%
Alex Metreveli
6%
No matching quizzes found
Score Distribution
Percent of People with Each Score
Percentile by Number Answered
Your Score History
You have not taken this quiz